Adolescentes, penalizacón y ¿libertad de prensa? /
Shranjeno v:
| Glavni avtor: | |
|---|---|
| Format: | Texto |
| Teme: | |
| Oznake: |
Označite
Brez oznak, prvi označite!
|
MARC
| LEADER | 00000 a a2200000 04500 | ||
|---|---|---|---|
| 001 | 8198 | ||
| 003 | |||
| 040 | |||
| 100 | |a González Oviedo, Mauricio | ||
| 245 | |a Adolescentes, penalizacón y ¿libertad de prensa? / |c Mauricio González Oviedo | ||
| 650 | |a DELINCUENCIA JUVENIL | ||
| 650 | |a PRENSA | ||
| 773 | |g volumen 4, número 3; páginas 32-35 | ||
| 999 | |c 39075 |d 39075 | ||
